| 000 | 00349nam a2200133Ia 4500 | ||
|---|---|---|---|
| 008 | 240624s9999 xx 000 0 und d | ||
| 041 | _aeng | ||
| 082 | _a823 KOT | ||
| 100 | _aKOTHARI FALGUNI | ||
| 245 | _aSOUL WARRIOR THE AGE OF KALI BOOK ONE | ||
| 260 |
_c2017 _aNew Delhi _bOm Books International |
||
| 300 | _a353 p.; 21 cm. | ||
| 365 |
_cRS _b30 |
||
| 999 |
_c29590 _d29590 |
||